[Event "10th Reykjavik op"]
[Site "Reykjavik ISL"]
[Date "1982.02.19"]
[Round "9"]
[White "Kindermann, Stefan"]
[Black "Hoei, Carsten"]
[Result "1-0"]
[WhiteElo "2410"]
[BlackElo "2425"]
[EventDate "1982.02.09"]
[PlyCount "109"]

1.e4 d6 2.d4 Nf6 3.Nc3 g6 4.Bc4 Bg7 5.Qe2 c6 6.e5 dxe5 7.dxe5 Nd5 8.Bd2 
Be6 9.f4 Nd7 10.Ne4 Qb6 11.O-O-O O-O-O 12.Nf3 h6 13.g3 Nc5 14.Nc3 Rd7 15.
Bxd5 Bxd5 16.Be3 Qa5 17.Nxd5 cxd5 18.Kb1 Kb8 19.Rd4 e6 20.c4 Rhd8 21.Rhd1 
Na6 22.a3 Bf8 23.cxd5 Rxd5 24.Qc4 Nc7 25.Qb3 Bc5 26.Rxd5 Nxd5 27.Bxc5 Qxc5
28.Rc1 Qb6 29.Qxb6 Nxb6 30.Rc2 Rd3 31.Rf2 Nc4 32.Kc2 Rd7 33.Re2 Kc7 34.Re4
b5 35.a4 a6 36.axb5 axb5 37.b3 Na5 38.Rd4 Re7 39.Kc3 Re8 40.Nd2 Nc6 41.Rd3
Ra8 42.Ne4 Ra2 43.Rd2 Rxd2 44.Nxd2 Kd7 45.Ne4 Ne7 46.Kb4 Kc6 47.Nd6 f5 48.
Nxb5 Nd5+ 49.Ka5 g5 50.Nd4+ Kd7 51.Nc2 Kc6 52.b4 Ne3 53.Ka6 Nd5 54.Nd4+ 
Kd7 55.b5 1-0

[Event "10th Reykjavik op"]
[Site "Reykjavik ISL"]
[Date "1982.02.19"]
[Round "9"]
[White "Kuligowski, Adam"]
[Black "Briem, Stefan"]
[Result "1-0"]
[WhiteElo "2465"]
[BlackElo "2290"]
[EventDate "1982.02.09"]
[PlyCount "79"]

1.d4 f5 2.c4 Nf6 3.g3 g6 4.Nf3 Bg7 5.b3 d6 6.Bb2 O-O 7.Bg2 e5 8.dxe5 Ng4 
9.h3 Nxe5 10.Qd5+ Nf7 11.Bxg7 Kxg7 12.Nc3 Qf6 13.Qd2 c6 14.O-O Na6 15.e3 
Be6 16.Nd4 Nc5 17.f4 Rfe8 18.Rfe1 Rad8 19.Rad1 Bc8 20.b4 Ne4 21.Nxe4 fxe4 
22.Qc2 h5 23.Kh2 Bf5 24.Ne2 a6 25.Nc3 b5 26.Nxe4 bxc4 27.Nxf6 Bxc2 28.
Nxe8+ Rxe8 29.Bxc6 Rb8 30.Rc1 Bd3 31.a3 d5 32.Bxd5 Nd6 33.e4 Rc8 34.g4 
hxg4 35.hxg4 Nb5 36.Re3 Rh8+ 37.Rh3 Rxh3+ 38.Kxh3 Nxa3 39.e5 Nc2 40.Rxc2 
1-0

[Event "10th Reykjavik op"]
[Site "Reykjavik ISL"]
[Date "1982.02.19"]
[Round "9"]
[White "Gudmundsson, Elvar"]
[Black "Gruenberg, Rainer"]
[Result "1/2-1/2"]
[WhiteElo "2320"]
[BlackElo "2310"]
[EventDate "1982.02.09"]
[PlyCount "58"]

1.d4 Nf6 2.c4 g6 3.Nf3 Bg7 4.g3 d5 5.cxd5 Nxd5 6.Bg2 Nb6 7.O-O Nc6 8.e3 e5
9.dxe5 Qxd1 10.Rxd1 Nxe5 11.Nxe5 Bxe5 12.Nc3 O-O 13.e4 Be6 14.f4 Bxc3 15.
bxc3 Rfd8 16.Rd4 c5 17.Rxd8+ Rxd8 18.Be3 Na4 19.f5 Bc4 20.Bg5 Rd7 21.Bf6 
Nb2 22.Bf3 b5 23.Rb1 Na4 24.Bd1 Bd3 25.Ra1 gxf5 26.Bxa4 bxa4 27.exf5 Bxf5 
28.Re1 Be6 29.h4 h5 1/2-1/2

[Event "10th Reykjavik op"]
[Site "Reykjavik ISL"]
[Date "1982.02.19"]
[Round "9"]
[White "Karlsson, Hilmar"]
[Black "Fridjonsson, Joffus"]
[Result "1-0"]
[WhiteElo "2260"]
[BlackElo "2260"]
[EventDate "1982.02.09"]
[PlyCount "41"]

1.e4 c5 2.c3 d5 3.exd5 Qxd5 4.d4 Nc6 5.Nf3 Bg4 6.Be2 cxd4 7.cxd4 e6 8.O-O 
Nf6 9.Nc3 Qd6 10.Nb5 Qd8 11.Bf4 Rc8 12.h3 Bh5 13.Ne5 Bxe2 14.Qxe2 Nd5 15.
Bg3 Qb6 16.Rac1 a6 17.Nd6+ Bxd6 18.Nc4 Nxd4 19.Nxd6+ Qxd6 20.Rxc8+ Kd7 21.
Qd1 1-0

[Event "10th Reykjavik op"]
[Site "Reykjavik ISL"]
[Date "1982.02.19"]
[Round "9"]
[White "Olafsson, Fridrik"]
[Black "Jonasson, Benedikt"]
[Result "1-0"]
[WhiteElo "2530"]
[BlackElo "2240"]
[EventDate "1982.02.09"]
[PlyCount "107"]

1.d4 Nf6 2.c4 e6 3.Nf3 d5 4.Nc3 Be7 5.Bg5 h6 6.Bh4 O-O 7.e3 b6 8.Bd3 Bb7 
9.cxd5 Nxd5 10.Bg3 c5 11.O-O Nc6 12.Rc1 cxd4 13.exd4 Ncb4 14.Bb1 Nf6 15.
Ne5 Rc8 16.Re1 Nbd5 17.Qd3 Nxc3 18.bxc3 Qd5 19.f3 Rfd8 20.Bh4 Kf8 21.Qe3 
Qd6 22.Bf2 b5 23.a4 a6 24.axb5 axb5 25.h4 Nd7 26.Nd3 Bd5 27.Nf4 Bc4 28.g4 
Kg8 29.Kg2 Bf6 30.Nh5 Re8 31.g5 Bd8 32.gxh6 g6 33.Ng7 Bc7 34.Rh1 Nf6 35.
Nxe8 Rxe8 36.Qg5 Nh5 37.Rce1 Qf4 38.Be3 Qg3+ 39.Qxg3 Nxg3 40.Rh3 Ne2 41.h5
Kh7 42.hxg6+ fxg6 43.Kf2 Nxc3 44.Bc2 e5 45.Bd2 Nd5 46.Rg3 e4 47.fxe4 Bxg3+
48.Kxg3 Nf6 49.Ra1 Rxe4 50.Ra7+ Kh8 51.Kf3 Rg4 52.Bf4 Rg1 53.Be5 Rf1+ 54.
Kg2 1-0

[Event "10th Reykjavik op"]
[Site "Reykjavik ISL"]
[Date "1982.02.19"]
[Round "9"]
[White "Kraehenbuehl, Gerhard"]
[Black "Jonsson, Johannes Gisli"]
[Result "0-1"]
[WhiteElo "2305"]
[BlackElo "2315"]
[EventDate "1982.02.09"]
[PlyCount "88"]

1.c4 g6 2.g3 Bg7 3.d4 d6 4.Bg2 Nf6 5.Nc3 O-O 6.Nf3 c5 7.O-O Nc6 8.d5 Na5 
9.Nd2 e5 10.a3 b6 11.e4 Ng4 12.Qe2 f5 13.b4 Nb7 14.f3 Nh6 15.Nb3 f4 16.g4 
Nf7 17.Bd2 h5 18.h3 Bf6 19.Rfb1 Bh4 20.Qd1 hxg4 21.hxg4 Bg3 22.Kf1 Qh4 23.
Ke2 Kg7 24.Kd3 Rh8 25.Qe2 Bd7 26.Rh1 Qe7 27.Kc2 Ng5 28.Rxh8 Rxh8 29.Rh1 
Rxh1 30.Bxh1 Qf8 31.Qf1 Nd8 32.Nc1 Ndf7 33.N3e2 Bh4 34.Bc3 Nh6 35.Nd3 Kg8 
36.Nxe5 dxe5 37.Bxe5 cxb4 38.Nxf4 bxa3 39.Qa1 Ba4+ 40.Kd3 Qb4 41.Nxg6 Qb3+
42.Qc3 Qb1+ 43.Ke3 Qg1+ 44.Kd3 Qf1+ 0-1

[Event "10th Reykjavik op"]
[Site "Reykjavik ISL"]
[Date "1982.02.19"]
[Round "9"]
[White "Arnason, Asgeir Thor"]
[Black "Savage, Allan George"]
[Result "1-0"]
[WhiteElo "2240"]
[BlackElo "2310"]
[EventDate "1982.02.09"]
[PlyCount "91"]

1.d4 Nf6 2.Nf3 g6 3.Bg5 Bg7 4.Nbd2 O-O 5.e4 d6 6.Bd3 h6 7.Bh4 Nc6 8.c3 Nh5
9.O-O Qe8 10.Qa4 Bd7 11.Qb3 Nf4 12.Bc2 b6 13.e5 dxe5 14.dxe5 g5 15.Qc4 
Nxe5 16.Nxe5 Bxe5 17.Bg3 Bc6 18.Rfe1 Bd5 19.Qa6 f6 20.Nc4 Qc8 21.Qxc8 
Raxc8 22.Nxe5 fxe5 23.Rxe5 e6 24.Bb3 Rcd8 25.Bxf4 Rxf4 26.Rd1 Rdf8 27.Rd2 
R4f5 28.Rxe6 Bxb3 29.axb3 Kg7 30.f3 R8f7 31.Rd4 Rb5 32.b4 a5 33.bxa5 Rxa5 
34.Rc4 Ra2 35.Re2 h5 36.h4 gxh4 37.Rxh4 Kg6 38.Rc4 Rd7 39.Rc6+ Kg5 40.Kf2 
Rf7 41.Kg3 h4+ 42.Kh3 Ra1 43.Re5+ Rf5 44.Rxf5+ Kxf5 45.Kxh4 Rh1+ 46.Kg3 
1-0

[Event "10th Reykjavik op"]
[Site "Reykjavik ISL"]
[Date "1982.02.19"]
[Round "9"]
[White "Jonsson, Johann Thorir"]
[Black "Goodman, David Simon Charles"]
[Result "0-1"]
[WhiteElo "2200"]
[BlackElo "2345"]
[EventDate "1982.02.09"]
[PlyCount "62"]

1.d4 g6 2.e3 Bg7 3.Bd3 Nf6 4.f4 O-O 5.Nf3 c5 6.c3 b6 7.Qe2 Bb7 8.Nbd2 d5 
9.f5 gxf5 10.Bxf5 e6 11.Bc2 Ne4 12.Nxe4 dxe4 13.Nd2 f5 14.Bb3 Bd5 15.dxc5 
bxc5 16.Nc4 a5 17.a4 Nd7 18.O-O Ne5 19.Nxe5 Bxb3 20.Nc6 Qd6 21.Qb5 Bd5 22.
Nxa5 Rfb8 23.c4 Rxb5 24.axb5 Rxa5 25.Rxa5 Bxc4 26.Ra8+ Kf7 27.b6 Bxf1 28.
b7 Qd1 29.b8=Q Be2+ 30.Kf2 Qf1+ 31.Kg3 Qe1+ 0-1

[Event "10th Reykjavik op"]
[Site "Reykjavik ISL"]
[Date "1982.02.20"]
[Round "10"]
[White "Schneider, Lars-Ake"]
[Black "Abramovic, Bosko"]
[Result "1/2-1/2"]
[WhiteElo "2435"]
[BlackElo "2445"]
[EventDate "1982.02.09"]
[PlyCount "170"]

1.e4 e5 2.Nf3 Nc6 3.c3 Nf6 4.d4 d6 5.Bb5 Bd7 6.O-O Be7 7.Re1 O-O 8.d5 Nb8 
9.Bxd7 Nbxd7 10.c4 g6 11.Bh6 Re8 12.Nc3 Nh5 13.Qd2 Bf8 14.Bg5 Be7 15.Bh6 
Bf8 16.Be3 f5 17.exf5 gxf5 18.Qd1 Ndf6 19.Ng5 Qd7 20.Qf3 Ng7 21.Qh3 h5 22.
Rad1 a6 23.a4 Re7 24.Ne6 f4 25.Bc1 Rae8 26.Ng5 Qxh3 27.Nxh3 Nf5 28.Ng5 Bh6
29.Nge4 Nxe4 30.Nxe4 Kf7 31.Rd3 b5 32.cxb5 axb5 33.a5 b4 34.Bd2 Nd4 35.Ra1
Ra8 36.Ra4 Nc2 37.Kf1 Ree8 38.Bxb4 Nxb4 39.Rxb4 Rxa5 40.Rb7 Kg6 41.Rxc7 
Rb8 42.b3 Bf8 43.Rc6 Kf5 44.f3 Ra1+ 45.Ke2 Rg1 46.Kf2 Rb1 47.Nd2 Rb2 48.
Ke2 Ra8 49.Rc7 Kg6 50.Kd1 Raa2 51.Rc4 Be7 52.Kc1 Bf6 53.Ra4 Rxa4 54.bxa4 
Ra2 55.Ne4 Rxa4 56.Kb2 Be7 57.Kb3 Ra8 58.Kc4 Kf7 59.Kb5 Ke8 60.Kc6 Rc8+ 
61.Kb7 Rc2 62.Rc3 Rxg2 63.Kc7 Kf7 64.Nxd6+ Bxd6+ 65.Kxd6 Kf6 66.Rc8 Rxh2 
67.Rf8+ Kg7 68.Rf5 Rh3 69.Ke7 Rxf3 70.d6 Rd3 71.d7 h4 72.Rf7+ Kg8 73.Rf8+ 
Kg7 74.Rf7+ Kg8 75.Rf6 Rxd7+ 76.Kxd7 h3 77.Ke6 Kg7 78.Rf5 Kg6 79.Rf8 h2 
80.Rh8 Kg5 81.Kxe5 Kg4 82.Rxh2 Kg3 83.Rh8 f3 84.Rg8+ Kh2 85.Rf8 Kg2 
1/2-1/2

[Event "10th Reykjavik op"]
[Site "Reykjavik ISL"]
[Date "1982.02.20"]
[Round "10"]
[White "Wedberg, Tom"]
[Black "Gurevich, Dmitry"]
[Result "1-0"]
[WhiteElo "2435"]
[BlackElo "2470"]
[EventDate "1982.02.09"]
[PlyCount "85"]

1.e4 d6 2.d4 Nf6 3.Nc3 g6 4.Nf3 Bg7 5.h3 O-O 6.Be3 Nbd7 7.e5 Ne8 8.Bc4 Nb6
9.Bb3 c6 10.O-O Nc7 11.Re1 Be6 12.Bg5 Qd7 13.Ne4 f5 14.exf6 exf6 15.Bf4 
Bxb3 16.axb3 Nc8 17.c4 Ne6 18.Bh2 f5 19.Neg5 Nc7 20.h4 a6 21.Qd2 h6 22.Nh3
Kh7 23.Re2 b5 24.Rae1 Ra7 25.Nf4 Rf7 26.Qd3 Ne7 27.Ne6 Ng8 28.h5 g5 29.
Bxd6 Nxe6 30.Rxe6 Rf6 31.d5 bxc4 32.bxc4 cxd5 33.Qxd5 Qf7 34.c5 Ne7 35.Qe5
Rxe6 36.Qxe6 Nc6 37.Bh2 Nb4 38.Qxf7 Rxf7 39.Bd6 Bxb2 40.Rb1 Bc3 41.Rb3 Nd5
42.c6 g4 43.Ne5 {time} 1-0

[Event "10th Reykjavik op"]
[Site "Reykjavik ISL"]
[Date "1982.02.20"]
[Round "10"]
[White "Sahovic, Dragutin"]
[Black "Shamkovich, Leonid"]
[Result "1/2-1/2"]
[WhiteElo "2450"]
[BlackElo "2470"]
[EventDate "1982.02.09"]
[PlyCount "142"]

1.d4 g6 2.e4 Bg7 3.c3 d6 4.f4 Nf6 5.e5 dxe5 6.fxe5 Nd5 7.Nf3 O-O 8.Bc4 c6 
9.O-O b5 10.Bd3 Na6 11.Qe1 Nac7 12.Nbd2 f5 13.Rf2 h6 14.h4 Ne6 15.Nf1 c5 
16.Ne3 c4 17.Nxd5 Qxd5 18.Bc2 Bb7 19.Bd2 Qd7 20.Qc1 h5 21.Bh6 Rad8 22.Bxg7
Kxg7 23.Ng5 Nxg5 24.Qxg5 a5 25.Re1 e6 26.Re3 Qf7 27.Rg3 Kh7 28.Qf4 Rg8 29.
Rg5 Rg7 30.Re2 Rd7 31.Re3 Qe8 32.Reg3 Rc7 33.Bd1 Bd5 34.Qd2 Qf8 35.a3 Bb7 
36.Kh2 Qe8 37.Be2 Kg8 38.Bd1 Be4 39.Bf3 Bxf3 40.gxf3 Kh7 41.f4 Qc6 42.Qe2 
Rcf7 43.Rg2 Qe4 44.Qxe4 fxe4 45.Kg3 b4 46.axb4 axb4 47.Re2 bxc3 48.bxc3 
Rb7 49.Rxe4 Rb3 50.Re3 Ra7 51.d5 exd5 52.e6 Re7 53.f5 gxf5 54.Kf4 d4 55.
Reg3 Rxe6 56.Kxf5 Rc6 57.cxd4 Rxg3 58.Rxg3 c3 59.Rg1 c2 60.Rc1 Kg7 61.d5 
Rc3 62.Ke6 Re3+ 63.Kd7 Rc3 64.d6 Kf6 65.Kd8 Kf5 66.d7 Kg4 67.Ke7 Re3+ 68.
Kd6 Rd3+ 69.Ke6 Re3+ 70.Kf6 Rd3 71.Ke6 Re3+ 1/2-1/2

[Event "10th Reykjavik op"]
[Site "Reykjavik ISL"]
[Date "1982.02.20"]
[Round "10"]
[White "Forintos, Gyozo"]
[Black "Sigurjonsson, Gudmundur"]
[Result "1/2-1/2"]
[WhiteElo "2410"]
[BlackElo "2435"]
[EventDate "1982.02.09"]
[PlyCount "100"]

1.d4 Nf6 2.c4 e6 3.Nc3 Bb4 4.Qc2 O-O 5.a3 Bxc3+ 6.Qxc3 b6 7.Nf3 Bb7 8.g3 
d6 9.Bg2 Nbd7 10.O-O c5 11.dxc5 Nxc5 12.b4 Nce4 13.Qd3 d5 14.Bb2 dxc4 15.
Qxc4 Rc8 16.Qb3 Bd5 17.Qa4 Qe7 18.Rac1 Qb7 19.Rxc8 Rxc8 20.Rc1 Rxc1+ 21.
Bxc1 h6 22.Bb2 Qc7 23.Ne1 Qc4 24.Qc2 a5 25.f3 Qxc2 26.Nxc2 Nd2 27.e4 Bb3 
28.Ne3 axb4 29.axb4 Nd7 30.Kf2 Kf8 31.e5 Nc4 32.Nxc4 Bxc4 33.f4 h5 34.Ke3 
Ke7 35.Bd4 g6 36.Bc6 Nb8 37.Bf3 Nd7 38.Kf2 Bb5 39.h3 Kd8 40.g4 hxg4 41.
hxg4 Ke7 42.Kg3 Kf8 43.Kh4 Kg7 44.Kg5 Ba4 45.Bb7 Bb5 46.Bc8 Bc6 47.Ba6 b5 
48.Bc8 Kh7 49.f5 gxf5 50.gxf5 Kg7 1/2-1/2

[Event "10th Reykjavik op"]
[Site "Reykjavik ISL"]
[Date "1982.02.20"]
[Round "10"]
[White "Helmers, Knut"]
[Black "Kogan, Boris"]
[Result "0-1"]
[WhiteElo "2430"]
[BlackElo "2455"]
[EventDate "1982.02.09"]
[PlyCount "216"]

1.Nf3 d5 2.d4 c6 3.c4 e6 4.Qc2 Nf6 5.g3 dxc4 6.Qxc4 b5 7.Qb3 a5 8.Bg2 a4 
9.Qc2 Bb7 10.O-O Na6 11.Nc3 Be7 12.Bg5 O-O 13.Rad1 Nd7 14.Bc1 Qb6 15.e4 c5
16.d5 e5 17.Bh3 Ndb8 18.Be3 Bd6 19.Nh4 g6 20.f4 Kh8 21.f5 g5 22.Bxg5 c4+ 
23.Kh1 f6 24.Bh6 Rg8 25.Qe2 Bf8 26.Bc1 b4 27.Qh5 Rg7 28.Ne2 Kg8 29.g4 Nc5 
30.Ng3 Nbd7 31.Nf3 Nd3 32.Rxd3 cxd3 33.g5 Rc8 34.Qh4 Rxc1 35.Rxc1 Qe3 36.
Rf1 fxg5 37.Qh5 Nf6 38.Qh6 d2 39.Qxf6 d1=Q 40.Qe6+ Kh8 41.Qf6 Be7 42.Qxe5 
Qexf3+ 43.Bg2 Qdxf1+ 44.Nxf1 Qf4 45.Qe6 Qd6 46.e5 Qxe6 47.dxe6 Bc8 48.Bd5 
Bc5 49.f6 Rc7 50.Ng3 Bxe6 51.Bxe6 Bd4 52.f7 Rc1+ 53.Kg2 Bc5 54.Ne4 Rg1+ 
55.Kf3 Be7 56.Bd7 Rf1+ 57.Kg3 Rxf7 58.Bxa4 Kg7 59.Bb3 Rf5 60.e6 h5 61.Kg2 
Rf4 62.Ng3 Kf8 63.Nxh5 Rd4 64.Ng3 Rd2+ 65.Kh3 Rxb2 66.Nf5 Bf6 67.Kg3 Rd2 
68.h3 Bd8 69.Kf3 Rd3+ 70.Kg4 Bf6 71.Bc4 Rd1 72.Bb3 Rf1 73.Ne3 Rf4+ 74.Kg3 
Rd4 75.Kg2 Be7 76.Nf5 Rd2+ 77.Kf3 Rd3+ 78.Kg4 Bd8 79.Bc2 Rd2 80.Bb3 Rg2+ 
81.Kf3 Rg1 82.Ne3 Be7 83.Kf2 Rh1 84.Kg2 Re1 85.Kf2 Rc1 86.Nf5 Rc3 87.Kg2 
Bd8 88.Ba4 Rc5 89.Nd4 Rd5 90.Nf3 Bc7 91.Bb3 Rd3 92.Kf2 Bf4 93.Ke2 Re3+ 94.
Kf2 Rc3 95.Kg2 Rd3 96.Bc4 Re3 97.Kf2 Rc3 98.Bb3 Ke7 99.Kg2 Kf6 100.Kf2 Bd6
101.Kg2 Bc5 102.Ne1 Kf5 103.Nf3 Kf4 104.Ne1 Re3 105.Nc2 Re2+ 106.Kf1 Re4 
107.Ne1 Kg3 108.Nd3 Be7 0-1

[Event "10th Reykjavik op"]
[Site "Reykjavik ISL"]
[Date "1982.02.20"]
[Round "10"]
[White "Angantysson, Haukur"]
[Black "Kindermann, Stefan"]
[Result "0-1"]
[WhiteElo "2400"]
[BlackElo "2410"]
[EventDate "1982.02.09"]
[PlyCount "88"]

1.e4 d6 2.d4 Nf6 3.Nc3 g6 4.f4 Bg7 5.Nf3 O-O 6.Bd3 Na6 7.Be3 c5 8.dxc5 Ng4
9.Bd2 Nxc5 10.h3 Nxd3+ 11.cxd3 Nf6 12.Qe2 Nh5 13.Qf2 e5 14.fxe5 dxe5 15.
O-O-O Qxd3 16.g4 Nf6 17.Nxe5 Qa6 18.Nf3 Be6 19.e5 Nd5 20.a3 Rfc8 21.Qd4 
Qe2 22.Rhf1 Nxc3 23.Bxc3 Bb3 24.Rf2 Qxd1+ 25.Qxd1 Bxd1 26.Kxd1 Rd8+ 27.Ke2
Rd7 28.Ke3 Re8 29.Kf4 h6 30.h4 Re6 31.g5 Rc6 32.Nd2 Rd3 33.Ke4 Rdxc3 34.
bxc3 Rxc3 35.Rf3 Rc5 36.gxh6 Rxe5+ 37.Kd3 Bxh6 38.Nc4 Rh5 39.Rh3 Bg5 40.
Nd6 Be7 41.Nc8 Bxa3 42.Nxa7 Be7 43.Re3 Bc5 44.Re8+ Kg7 0-1

[Event "10th Reykjavik op"]
[Site "Reykjavik ISL"]
[Date "1982.02.20"]
[Round "10"]
[White "Bajovic, Milan"]
[Black "Bjarnason, Saevar"]
[Result "0-1"]
[WhiteElo "2345"]
[BlackElo "2290"]
[EventDate "1982.02.09"]
[PlyCount "136"]

1.d4 Nf6 2.Nf3 d6 3.Bg5 Nbd7 4.Nbd2 h6 5.Bh4 g5 6.Bg3 Nh5 7.e3 Bg7 8.Bd3 
Nxg3 9.hxg3 e6 10.c3 Qe7 11.Qe2 Nf6 12.Ne4 Bd7 13.Nxf6+ Qxf6 14.Be4 O-O-O 
15.Nd2 Kb8 16.Qf3 Qxf3 17.Bxf3 f5 18.g4 e5 19.gxf5 Bxf5 20.Nf1 g4 21.Ng3 
Be6 22.Be4 exd4 23.exd4 Rde8 24.O-O Bf7 25.Bc2 h5 26.Rfe1 h4 27.Nf5 Bf6 
28.Ne3 Bh5 29.Bf5 g3 30.f3 Bg5 31.Nc2 Bf7 32.a3 Bd2 33.Rxe8+ Rxe8 34.Bd3 
Bh5 35.Rd1 Bf4 36.Ne1 Be3+ 37.Kf1 Bf2 38.Be2 Bg6 39.Nd3 Be3 40.f4 Bf5 41.
Bf3 c6 42.b4 Kc7 43.a4 Kd7 44.d5 Kc7 45.c4 Bd4 46.c5 h3 47.gxh3 Bxh3+ 48.
Bg2 Bg4 49.Re1 Rxe1+ 50.Kxe1 cxd5 51.Kd2 dxc5 52.bxc5 Kc6 53.Nb4+ Kxc5 54.
Nxd5 b6 55.a5 b5 56.Ne3 Bxe3+ 57.Kxe3 b4 58.Be4 b3 59.f5 b2 60.f6 Bh5 61.
Bb1 Kb4 62.a6 Kc5 63.f7 Bxf7 64.Kf3 Bc4 65.Kxg3 Bxa6 66.Kf2 Kd4 67.Ke1 Kc3
68.Kd1 Bd3 0-1

[Event "10th Reykjavik op"]
[Site "Reykjavik ISL"]
[Date "1982.02.20"]
[Round "10"]
[White "Mednis, Edmar"]
[Black "Arnason, Jon"]
[Result "1/2-1/2"]
[WhiteElo "2470"]
[BlackElo "2445"]
[EventDate "1982.02.09"]
[PlyCount "34"]

1.e4 c5 2.Nf3 e6 3.d4 cxd4 4.Nxd4 Nf6 5.Nc3 Nc6 6.g3 d5 7.exd5 Nxd5 8.Nde2
Ndb4 9.a3 Qxd1+ 10.Kxd1 Na6 11.Bg2 Bd7 12.Be3 O-O-O 13.Ke1 Nc7 14.Ne4 Nd5 
15.Bc5 Kc7 16.Bxf8 Rhxf8 17.Nc5 Be8 1/2-1/2

[Event "10th Reykjavik op"]
[Site "Reykjavik ISL"]
[Date "1982.02.20"]
[Round "10"]
[White "Hjartarson, Johann"]
[Black "Kuligowski, Adam"]
[Result "1/2-1/2"]
[WhiteElo "2425"]
[BlackElo "2465"]
[EventDate "1982.02.09"]
[PlyCount "99"]

1.d4 Nf6 2.c4 e6 3.Nc3 Bb4 4.e3 b6 5.Ne2 c5 6.a3 Ba5 7.Bd2 O-O 8.Rb1 Na6 
9.Qa4 Qe7 10.f3 d5 11.b4 cxb4 12.Nb5 bxa3 13.Bxa5 bxa5 14.Qxa5 a2 15.Qxa2 
Nb4 16.Qd2 a5 17.c5 e5 18.Kf2 Nh5 19.Ng3 Qh4 20.Be2 e4 21.Nd6 exf3 22.Bxf3
Nf6 23.Rhf1 g6 24.Kg1 Ba6 25.e4 Bxf1 26.Ngf5 gxf5 27.Nxf5 Nxe4 28.Bxe4 Qf6
29.Rxf1 Kh8 30.Nd6 Qg7 31.Bb1 f6 32.Rf3 f5 33.Nxf5 Qg6 34.Rg3 Qf6 35.Rh3 
Rg8 36.Nd6 Ra7 37.Qe3 Qg5 38.Qxg5 Rxg5 39.Bxh7 Rxh7 40.Nf7+ Kg8 41.Rxh7 
Rxg2+ 42.Kxg2 Kxh7 43.Nd6 a4 44.Nb5 Kg6 45.Kf3 Kf5 46.h4 Nc6 47.Ke3 Kg4 
48.Kd3 Kxh4 49.Kc3 Kg5 50.Nc7 1/2-1/2

[Event "10th Reykjavik op"]
[Site "Reykjavik ISL"]
[Date "1982.02.20"]
[Round "10"]
[White "Bischoff, Klaus"]
[Black "Petursson, Margeir"]
[Result "1/2-1/2"]
[WhiteElo "2385"]
[BlackElo "2415"]
[EventDate "1982.02.09"]
[PlyCount "61"]

1.c4 c5 2.Nc3 e6 3.Nf3 Nc6 4.g3 Nf6 5.Bg2 Be7 6.O-O O-O 7.d4 d5 8.cxd5 
exd5 9.b3 Re8 10.Bb2 Bg4 11.dxc5 Bxc5 12.Rc1 a6 13.Nxd5 Bxf2+ 14.Rxf2 Nxd5
15.Ne5 Nxe5 16.Qxd5 Qg5 17.Rcf1 Rad8 18.Qxb7 f6 19.Bxe5 Qxe5 20.e4 a5 21.
Rc2 Rd7 22.Qb6 Bd1 23.Rcf2 Bg4 24.Qe3 Red8 25.Rc2 h5 26.Qc5 Qxc5+ 27.Rxc5 
Rd2 28.Rd5 R8xd5 29.exd5 Rxa2 30.Rc1 Rd2 31.Rc5 1/2-1/2

[Event "10th Reykjavik op"]
[Site "Reykjavik ISL"]
[Date "1982.02.20"]
[Round "10"]
[White "Burger, Karl"]
[Black "Karlsson, Hilmar"]
[Result "1-0"]
[WhiteElo "2420"]
[BlackElo "2260"]
[EventDate "1982.02.09"]
[PlyCount "91"]

1.Nf3 d5 2.d4 e6 3.c4 c5 4.cxd5 exd5 5.g3 Nc6 6.Bg2 Nf6 7.O-O Bg4 8.Be3 
Bxf3 9.Bxf3 Be7 10.dxc5 O-O 11.Nd2 d4 12.Bg5 Bxc5 13.Rc1 Be7 14.Qb3 Nd5 
15.Bxe7 Ndxe7 16.Qxb7 Rb8 17.Qa6 Rb6 18.Qa3 d3 19.e3 Ne5 20.Bg2 Qd7 21.Rc5
Qe6 22.Rxe5 Qxe5 23.Nc4 Qe6 24.Nxb6 axb6 25.Rd1 Ng6 26.Rxd3 Ne5 27.Rd4 Qf5
28.Qb3 Rc8 29.Qd1 Qf6 30.h3 g6 31.b3 Qe7 32.Kh2 h5 33.f4 Nc6 34.Re4 Qf6 
35.Qd7 Rf8 36.Re8 Nb4 37.Rxf8+ Kxf8 38.a3 Na2 39.h4 Kg7 40.Qd2 Nc3 41.e4 
Nb5 42.e5 Qf5 43.a4 Nc7 44.Qd6 Ne6 45.Qxb6 Kh7 46.Qe3 1-0

[Event "10th Reykjavik op"]
[Site "Reykjavik ISL"]
[Date "1982.02.20"]
[Round "10"]
[White "Jonsson, Johannes Gisli"]
[Black "Horvath, Tamas"]
[Result "1/2-1/2"]
[WhiteElo "2315"]
[BlackElo "2400"]
[EventDate "1982.02.09"]
[PlyCount "93"]

1.e4 e6 2.d4 c5 3.d5 exd5 4.exd5 d6 5.Nc3 Nf6 6.Nf3 Be7 7.Be2 O-O 8.O-O 
Na6 9.Re1 Nc7 10.a4 Rb8 11.Bc4 b6 12.Rb1 Bg4 13.Bf4 Qd7 14.Nb5 Nxb5 15.
Bxb5 Qd8 16.Qd3 Ne8 17.Nd2 Bg5 18.Qe3 Bxf4 19.Qxf4 Bd7 20.Ne4 Bxb5 21.axb5
Rb7 22.c4 Re7 23.h3 Re5 24.Nd2 Qf6 25.Qxf6 Nxf6 26.Rxe5 dxe5 27.Ra1 Ra8 
28.Kf1 Kf8 29.Ke2 Ke7 30.Kd3 h6 31.g4 Nd7 32.Re1 a5 33.bxa6 Rxa6 34.f4 f6 
35.Nf3 Kd6 36.fxe5+ Nxe5+ 37.Nxe5 fxe5 38.Rf1 b5 39.cxb5 Ra4 40.Rf7 Rb4 
41.Rxg7 Rxb5 42.Rg6+ Kxd5 43.Rxh6 Rxb2 44.g5 Rg2 45.h4 Rg3+ 46.Kd2 c4 47.
Rh8 1/2-1/2

[Event "10th Reykjavik op"]
[Site "Reykjavik ISL"]
[Date "1982.02.20"]
[Round "10"]
[White "Frey Beckman, Kenneth"]
[Black "Gudmundsson, Elvar"]
[Result "0-1"]
[WhiteElo "2480"]
[BlackElo "2320"]
[EventDate "1982.02.09"]
[PlyCount "68"]

1.e4 c6 2.d4 d5 3.exd5 cxd5 4.c4 Nf6 5.Nc3 e6 6.Nf3 Be7 7.cxd5 Nxd5 8.Bd3 
O-O 9.h4 Nc6 10.a3 Re8 11.Qc2 h6 12.Bh7+ Kh8 13.Bg5 Nf6 14.Bxf6 Bxf6 15.
O-O-O Nxd4 16.Nxd4 Bxd4 17.Nb5 e5 18.Nc7 Be6 19.Nxa8 Qd7 20.Nc7 Rc8 21.
Nxe6 Rxc2+ 22.Bxc2 Qxe6 23.Rh3 g6 24.h5 g5 25.Bb3 Qc6+ 26.Kb1 Qxg2 27.Rhd3
Qxf2 28.R1d2 Qf1+ 29.Ka2 g4 30.Bd5 f5 31.Bxb7 f4 32.Bg2 Qc1 33.Kb3 f3 34.
Bxf3 gxf3 0-1

[Event "10th Reykjavik op"]
[Site "Reykjavik ISL"]
[Date "1982.02.20"]
[Round "10"]
[White "Hansson, Dan"]
[Black "Gruenberg, Rainer"]
[Result "1/2-1/2"]
[WhiteElo "2260"]
[BlackElo "2310"]
[EventDate "1982.02.09"]
[PlyCount "26"]

1.e4 c5 2.Nf3 Nc6 3.d4 cxd4 4.Nxd4 Nf6 5.Nc3 e6 6.a3 Be7 7.Be2 O-O 8.O-O 
d5 9.exd5 Nxd5 10.Nxd5 exd5 11.Be3 Bf6 12.c3 Na5 13.b3 b6 1/2-1/2

[Event "10th Reykjavik op"]
[Site "Reykjavik ISL"]
[Date "1982.02.20"]
[Round "10"]
[White "Briem, Stefan"]
[Black "Arnason, Asgeir Thor"]
[Result "0-1"]
[WhiteElo "2290"]
[BlackElo "2240"]
[EventDate "1982.02.09"]
[PlyCount "146"]

1.f4 d5 2.Nf3 Nf6 3.e3 g6 4.Be2 Bg7 5.O-O c5 6.d4 b6 7.c3 O-O 8.Qe1 e6 9.
Nbd2 Ba6 10.Ne5 Bxe2 11.Qxe2 Nfd7 12.b3 f6 13.Nxd7 Nxd7 14.c4 f5 15.Bb2 a5
16.Nf3 Qc7 17.Rfd1 a4 18.Ne5 Nf6 19.Rac1 axb3 20.axb3 Ra2 21.Rc2 Rfa8 22.
g3 Qb7 23.Qd3 dxc4 24.bxc4 Rd8 25.Qb3 Qe4 26.Rcd2 Raa8 27.Qxb6 Qxe3+ 28.
Kf1 Re8 29.Re2 Rab8 30.Qxc5 Qb3 31.Rd3 Qa2 32.Qa3 Qb1+ 33.Kg2 Ne4 34.Qa1 
Qxa1 35.Bxa1 Rb1 36.Ra3 Rc1 37.Bb2 Rb1 38.Ra1 Rxa1 39.Bxa1 Ra8 40.Bb2 g5 
41.Bc1 g4 42.Rc2 h5 43.c5 Kf8 44.Be3 Bxe5 45.fxe5 Ke8 46.Kf1 Kd7 47.Rb2 
Kc6 48.Ke2 Ra3 49.Bc1 Ra6 50.Rc2 Ra8 51.Kd3 Ra4 52.Re2 Ra8 53.Bb2 Rh8 54.
Kc4 h4 55.gxh4 Rxh4 56.Bc1 Nxc5 57.Bg5 Rh5 58.dxc5 Rxg5 59.Rd2 f4 60.Rd6+ 
Kc7 61.Rxe6 g3 62.hxg3 fxg3 63.Kd5 g2 64.Rc6+ Kd7 65.Rd6+ Ke7 66.Re6+ Kf7 
67.Rf6+ Kg7 68.c6 g1=Q 69.c7 Qg2+ 70.Kd6 Qd2+ 71.Ke7 Rxe5+ 72.Re6 Qg5+ 73.
Kd6 Rxe6+ 0-1

[Event "10th Reykjavik op"]
[Site "Reykjavik ISL"]
[Date "1982.02.20"]
[Round "10"]
[White "Erlingsson, Jonas Petur"]
[Black "Fridjonsson, Joffus"]
[Result "1/2-1/2"]
[WhiteElo "2225"]
[BlackElo "2260"]
[EventDate "1982.02.09"]
[PlyCount "27"]

1.c4 e5 2.Nc3 Nf6 3.g3 c6 4.d4 exd4 5.Qxd4 d5 6.Bg5 Be7 7.e3 O-O 8.cxd5 
cxd5 9.Nge2 Nc6 10.Qd2 Qa5 11.Bg2 Rd8 12.O-O h6 13.Bxf6 Bxf6 14.Rfd1 
1/2-1/2

[Event "10th Reykjavik op"]
[Site "Reykjavik ISL"]
[Date "1982.02.20"]
[Round "10"]
[White "Thorsteins, Karl"]
[Black "Goodman, David Simon Charles"]
[Result "1/2-1/2"]
[WhiteElo "2305"]
[BlackElo "2345"]
[EventDate "1982.02.09"]
[PlyCount "81"]

1.d4 g6 2.c4 Bg7 3.Nc3 d6 4.e4 Nf6 5.f3 O-O 6.Bg5 Nc6 7.Nge2 Re8 8.Qd2 e5 
9.dxe5 Nxe5 10.Ng3 Be6 11.b3 c6 12.Be2 Qa5 13.O-O Rad8 14.Rad1 h6 15.Be3 
g5 16.f4 gxf4 17.Rxf4 Nfg4 18.Nh5 Nxe3 19.Qxe3 Qc5 20.Qxc5 dxc5 21.Kf2 Rd4
22.Ke3 Red8 23.Nxg7 Kxg7 24.h3 b5 25.cxb5 cxb5 26.Rff1 a6 27.Rc1 Rd2 28.
Rfd1 Rxd1 29.Rxd1 Rxd1 30.Bxd1 Ng6 31.Be2 Kf6 32.a4 Bxb3 33.axb5 axb5 34.
Bxb5 Ke5 35.g3 Nf8 36.Be8 Nh7 37.Nd5 Bxd5 38.exd5 f5 39.d6 Kxd6 40.Bg6 Nf6
41.Bxf5 1/2-1/2

[Event "10th Reykjavik op"]
[Site "Reykjavik ISL"]
[Date "1982.02.20"]
[Round "10"]
[White "Savage, Allan George"]
[Black "Kraehenbuehl, Gerhard"]
[Result "1/2-1/2"]
[WhiteElo "2310"]
[BlackElo "2305"]
[EventDate "1982.02.09"]
[PlyCount "28"]

1.e4 c5 2.Nc3 Nc6 3.g3 g6 4.Bg2 Bg7 5.d3 e6 6.Nh3 Nge7 7.O-O O-O 8.Be3 b6 
9.Qd2 Nd4 10.Bh6 Rb8 11.Bxg7 Kxg7 12.f4 d5 13.Rf2 Bb7 14.Nd1 dxe4 1/2-1/2